Islam and capitalism / (Record no. 7170)
[ view plain ]
| 000 -LEADER | |
|---|---|
| fixed length control field | 00961nac a22002531u 4500 |
| 010 ## - LIBRARY OF CONGRESS CONTROL NUMBER | |
| LC control number | 008738353 |
| 020 ## - INTERNATIONAL STANDARD BOOK NUMBER | |
| International Standard Book Number | 0863564712 |
| 022 ## - INTERNATIONAL STANDARD SERIAL NUMBER | |
| International Standard Serial Number | 9780863564710 |
| 082 ## - DEWEY DECIMAL CLASSIFICATION NUMBER | |
| Classification number | 330.917671 |
| Item number | ROD |
| 090 ## - LOCALLY ASSIGNED LC-TYPE CALL NUMBER (OCLC); LOCAL CALL NUMBER (OCLC) | |
| -- | 7170 |
| -- | 7170 |
| 100 ## - MAIN ENTRY--PERSONAL NAME | |
| Personal name | Rodinson, Maxime. |
| 245 ## - TITLE STATEMENT | |
| Title | Islam and capitalism / |
| Statement of responsibility, etc | by Maxime Rodinson; Foreword By Roger Owen. |
| 260 ## - PUBLICATION, DISTRIBUTION, ETC. (IMPRINT) | |
| Place of publication, distribution, etc | London: |
| Name of publisher, distributor, etc | Saqi Essentials,c.2007. |
| Date of publication, distribution, etc | c.2007. |
| 300 ## - PHYSICAL DESCRIPTION | |
| Extent | 344p; |
| Dimensions | 22cm. |
| 500 ## - GENERAL NOTE | |
| General note | Distribter: Baccah. |
| 504 ## - BIBLIOGRAPHY, ETC. NOTE | |
| Bibliography, etc | Includes Refrences and Index. |
| 511 ## - PARTICIPANT OR PERFORMER NOTE | |
| Participant or performer note | Catalogued By: Mahitab.I |
| 650 ## - SUBJECT ADDED ENTRY--TOPICAL TERM | |
| Topical term or geographic name as entry element | Economics -- Religious aspects -- Islam. |
| 650 ## - SUBJECT ADDED ENTRY--TOPICAL TERM | |
| Topical term or geographic name as entry element | Islamic countries -- Economic conditions. |
| 650 ## - SUBJECT ADDED ENTRY--TOPICAL TERM | |
| Topical term or geographic name as entry element | Islamic countries Economic conditions Influence of Islam |
| 700 ## - ADDED ENTRY--PERSONAL NAME | |
| Personal name | Pearce, Brian, 1915- |
| 942 ## - ADDED ENTRY ELEMENTS (KOHA) | |
| Item type | Book - Borrowing |
| Call number prefix | 330.917671 |
| Withdrawn status | Item status | Damaged status | Not for loan | Home library | Current library | Shelving location | Date acquired | Source of acquisition | Total Checkouts | Total Renewals | Full call number | Barcode | Date last seen | Date last borrowed | Koha item type |
|---|---|---|---|---|---|---|---|---|---|---|---|---|---|---|---|
| Central Library | Central Library | First floor | 08/01/2014 | Purchase | 7 | 6 | 330.917671 ROD | 000008723 | 15/07/2025 | 22/10/2016 | Book - Borrowing |